Cooking with my sisters : one hundred years of family recipes from Bari to big stone gap (Record no. 139069)

MARC details
000 -LEADER
fixed length control field 00803nam a2200229Ia 4500
008 - FIXED-LENGTH DATA ELEMENTS--GENERAL INFORMATION
fixed length control field 191130s2005##################000#0#eng##
020 ## - INTERNATIONAL STANDARD BOOK NUMBER
ISBN 9780812974829
082 ## - DEWEY DECIMAL CLASSIFICATION NUMBER
Classification number 641.5945 TRI
100 ## - MAIN ENTRY--AUTHOR NAME
Personal name Trigiani, Adriana
245 ## - TITLE STATEMENT
Title Cooking with my sisters : one hundred years of family recipes from Bari to big stone gap
Statement of responsibility, etc Adriana Trigiani and Mary Yolanda Trigiani with Lucia Anna ... [et al.] ; photographs by Mark Ferri
250 ## - EDITION STATEMENT
Edition statement Random House trade pbk. ed
260 ## - PUBLICATION, DISTRIBUTION, ETC. (IMPRINT)
Place of publication New York
Name of publisher Random House
Year of publication 2005
300 ## - PHYSICAL DESCRIPTION
Number of Pages xiii, 167 p. : ill. (some col.) ; 24 cm
500 ## - GENERAL NOTE
General note Includes index
650 ## - SUBJECT ADDED ENTRY--TOPICAL TERM
Topical Term Cooking, Italian
700 ## - ADDED ENTRY--PERSONAL NAME
Personal name Trigiani, Mary Yolanda
991 ## -
-- 317422
Holdings
Withdrawn status Lost status Damaged status Not for loan Home library Current library Shelving location Date acquired Full call number Accession Number Price effective from Koha item type
        Anna Centenary Library Anna Centenary Library 6TH FLOOR, A WING 12.10.2020 641.5945 TRI 419572 12.10.2020 English Books

Find us on the map